000 00516nam a2200181Ia 4500
008 090124s9999 xx 000 0 und d
082 _b128560
100 _aभोसले द.ता.
245 _a मी आणि माझा बाप
250 _a2
260 _c1998
300 _a157
600 _aभोसले द.ता.
630 _a मी आणि माझा बाप
700 _aभोसले द.ता.
730 _a मी आणि माझा बाप
942 _cBOOK
999 _c174649
_d174649